Almost Useless Holiday Trivia Quiz Stats

 Plays Quiz Updated May 8, 2019

Score 0/30 Timer 05:00
3 Plays Today
Question Answer % Correct
Who was the author of A Christmas Carol?C. Dickens
90.4%
What's the only mythical creature in the Chinese zodiac?Dragon
83.1%
What famous magician died on Halloween in 1926?H. Houdini
81.8%
Which leader was killed in 44 B.C. on the Ides of March?Julius Caesar
76.1%
France celebrates which holiday on the 14th of July?Bastille Day
72.3%
In what modern country is Dracula's home, Transylvania?Romania
71.1%
Sawm is the act of doing what during the month of Ramadan?Fasting
66.2%
On April 1, 2008, what video site Rickrolled all its viewers?YouTube
63.8%
What is the name of Punxsutawney's famous groundhog?Phil
62.1%
On what day of the year does All Saints' Day fall?November 1
61.9%
Which SNL alum wrote & performed The Chanukah Song?Adam Sandler
60%
The Gunpowder Plot is associated with which UK holiday?Bonfire Night
58.2%
What Thanksgiving item's name is Latin for ‘Horn of Plenty'?Cornucopia
57.4%
Whose birthday is celebrated in India on the 2nd of October?Gandhi
56.9%
Which Jewish holiday is also known as Pesach?Passover
56.7%
Question Answer % Correct
The Day of the Dead is a key holiday in which Pixar film?Coco
56.6%
Reformation Day commemorates the 95 theses of what monk?Martin Luther
56.5%
What company's Easter candy ads feature a clucking bunny?Cadbury
53.9%
What is the name of the Hindu festival of lights?Diwali
52.8%
What country celebrates Sinai Liberation Day?Egypt
51.5%
What April 22nd holiday was first observed in 1970?Earth Day
48.4%
Krampus, a Christmas demon, has features of what animal?Goat
48.2%
What city hosts Spain's best-known Bull-Running festival?Pamplona
47.8%
What religion observes the holidays Vesak and Bodhi Day?Buddhism
46.1%
Lýðveldisdagurinn is the independence day of what nation?Iceland
44.8%
Name either country that observes Anzac Day.Australia
40.8%
What band released the single 'New Year's Day' on 1/1/1983?U2
39.4%
In what language is Santa called Święty Mikołaj?Polish
36.3%
What carol features the lyric, 'Born is the King of Israel'?The First Noel
34.2%
Who played Santa Claus in the 2003 film Elf?Ed Asner
28%

You're not logged in!

Compare scores with friends on all Sporcle quizzes.
OR
Log In

Sporcle TV

Today on Sporcle TV


Watch our educational content, quiz creation guides, and fun videos on Sporcle TV.

Show Comments

Extras

Top Quizzes Today


Score Distribution

Your Account Isn't Verified!

In order to create a playlist on Sporcle, you need to verify the email address you used during registration. Go to your Sporcle Settings to finish the process.

Report this User

Report this user for behavior that violates our Community Guidelines.

Details: